[Event "4NCL Online Division 4"]
[Site "online"]
[Date "2021.10.19"]
[EventDate "2021.10.19"]
[Round "5.52"]
[White "Dwek, Ilan G"]
[WhiteElo "1664"]
[WhiteTeam "Deaf England 1"]
[Black "Foale, Ron"]
[BlackElo "1505"]
[BlackTeam "Uxbridge Cyclones"]
[Result "1-0"]
[PlyCount "81"]

1. e4 c5 2. Nf3 e6 3. d4 cxd4 4. Nxd4 a6 5. a3 Qc7 6. Nc3 b5 7. Be2 Bb7 8. Bf3 Nc6 9. O-O Nge7 10. Nce2 Ng6 11. g3 Bc5 12. c3 O-O 13. Bg2 Rad8 14. Be3 Nce5 15. Nc2 Nc4 16. Bxc5 Qxc5 17. b3 Nb6 18. Qd4 Qxd4 19. cxd4 d5 20. e5 Rc8 21. Rac1 Rc7 22. Nb4 Rfc8 23. Nd3 Nd7 24. f4 Ne7 25. Rxc7 Rxc7 26. Rc1 Rxc1+ 27. Ndxc1 Kf8 28. Kf2 Ke8 29. Ke3 Nf5+ 30. Kd3 Kd8 31. Bh3 g6 32. Bxf5 gxf5 33. Ke3 f6 34. Nd3 fxe5 35. dxe5 a5 36. Kd4 Kc7 37. Nc5 Nxc5 38. Kxc5 Ba6 39. Nd4 Kd7 40. Nxb5 Bxb5 41. Kxb5 1-0

[Event "4NCL Online Division 4"]
[Site "online"]
[Date "2021.10.19"]
[EventDate "2021.10.19"]
[Round "5.53"]
[White "Nandi, Asoke K"]
[WhiteElo "1407"]
[WhiteTeam "Uxbridge Cyclones"]
[Black "Freund, Michael P"]
[BlackElo "1692"]
[BlackTeam "Deaf England 1"]
[Result "1/2-1/2"]
[PlyCount "52"]

1. e4 e6 2. d4 d5 3. exd5 exd5 4. Nf3 Bd6 5. Bd3 Ne7 6. Bg5 f6 7. Bh4 Bf5 8. O-O O-O 9. c3 c6 10. Qc2 Bxd3 11. Qxd3 Qd7 12. Nbd2 Na6 13. Rfe1 Qf5 14. Qe2 Rae8 15. Qe6+ Qxe6 16. Rxe6 Nf5 17. Rae1 Rxe6 18. Rxe6 Nc7 19. Re2 Re8 20. Rxe8+ Nxe8 21. g4 Nxh4 22. Nxh4 Kf7 23. Kg2 Bf4 24. Nhf3 Nd6 25. h3 g5 26. Kf1 h6 1/2-1/2

[Event "4NCL Online Division 4"]
[Site "online"]
[Date "2021.10.19"]
[EventDate "2021.10.19"]
[Round "5.54"]
[White "O'Donnell, Anthony"]
[WhiteElo "1003"]
[WhiteTeam "Deaf England 1"]
[Black "Hasan, Abu"]
[BlackElo "1402"]
[BlackTeam "Uxbridge Cyclones"]
[Result "0-1"]
[PlyCount "94"]

1. d4 Nc6 2. Nf3 d5 3. Bf4 e6 4. e3 Bd6 5. Bg3 Nge7 6. Be2 Nf5 7. Nc3 Nxg3 8. hxg3 Qe7 9. O-O Bd7 10. a3 h5 11. e4 Qf8 12. exd5 Ne7 13. dxe6 fxe6 14. Qd3 O-O-O 15. Ne4 g5 16. Nfxg5 h4 17. Nxd6+ cxd6 18. g4 Nd5 19. Bf3 Qf4 20. c4 Ne7 21. Qb3 Nc6 22. Qe3 Rhf8 23. Ne4 h3 24. Qxf4 Rxf4 25. Rfd1 Rdf8 26. Nxd6+ Kc7 27. Nb5+ Kb8 28. d5 Ne5 29. dxe6 Nxf3+ 30. Kf1 Bxe6 31. gxh3 Bxc4+ 32. Kg2 Bxb5 33. Kg3 Ne5 34. Rd5 Rf3+ 35. Kg2 Rxf2+ 36. Kg3 R2f3+ 37. Kg2 Rf2+ 38. Kg3 R2f3+ 39. Kh4 Rh8+ 40. Kg5 Nf7+ 41. Kg6 Bc4 42. Rh5 Rg8+ 43. Kh7 Ng5+ 44. Rxg5 Rxg5 45. Rc1 Bd3+ 46. Kh6 Rg6+ 47. Kh5 Rxh3# 0-1

[Event "4NCL Online Division 4"]
[Site "online"]
[Date "2021.10.19"]
[EventDate "2021.10.19"]
[Round "5.61"]
[White "Buswell, A Mark"]
[WhiteElo "1761"]
[WhiteTeam "Hertford 2"]
[Black "Soulier, Alfred"]
[BlackElo "1698"]
[BlackTeam "KCS U13A"]
[Result "1/2-1/2"]
[PlyCount "130"]

1. d4 Nf6 2. c4 g6 3. Nc3 Bg7 4. e4 d6 5. Nf3 O-O 6. Be2 e5 7. d5 Na6 8. Bg5 h6 9. Bh4 g5 10. Bg3 Nxe4 11. Nxe4 f5 12. Nc3 f4 13. Nd2 Bf5 14. Nde4 Qd7 15. Rc1 b6 16. Bd3 Nc5 17. Bb1 fxg3 18. hxg3 Nxe4 19. Nxe4 Qf7 20. O-O Qg6 21. Qe2 g4 22. b4 h5 23. c5 Bh6 24. Rc3 bxc5 25. bxc5 Rab8 26. f3 gxf3 27. gxf3 Kh8 28. Kh2 Rg8 29. Qf2 Rg7 30. cxd6 cxd6 31. Rc6 Rd8 32. Bd3 Bxe4 33. Bxe4 Qf6 34. f4 exf4 35. gxf4 Rb8 36. Rb1 Bxf4+ 37. Kh1 Rxb1+ 38. Bxb1 Qg5 39. Rc8+ Rg8 40. Rxg8+ Kxg8 41. Qg2 Kg7 42. Qxg5+ Bxg5 43. Bd3 Kf6 44. Bb5 Ke5 45. Bc6 Kd4 46. a4 Kc3 47. Kg2 Kd4 48. Kh1 Ke3 49. Bb5 Kf4 50. Bc6 Kg3 51. Bb5 h4 52. Bc6 h3 53. Bb5 h2 54. Bc6 Bf4 55. Bb5 Be3 56. a5 Bf4 57. a6 Kf3 58. Bc6 Ke4 59. Bb7 Kd4 60. Bc6 Kc5 61. Bb7 Kb6 62. Bc8 Be5 63. Bb7 Bf4 64. Bc8 Bg3 65. Bb7 Bf4 1/2-1/2

[Event "4NCL Online Division 4"]
[Site "online"]
[Date "2021.10.19"]
[EventDate "2021.10.19"]
[Round "5.62"]
[White "Kumar, Sanjit S"]
[WhiteElo "1677"]
[WhiteTeam "KCS U13A"]
[Black "Wooster, Nick"]
[BlackElo "1643"]
[BlackTeam "Hertford 2"]
[Result "1-0"]
[PlyCount "107"]

1. d4 Nf6 2. c4 g6 3. Nc3 d5 4. Nf3 Bg7 5. Qb3 c6 6. cxd5 cxd5 7. Bg5 e6 8. e3 O-O 9. Bd3 Nc6 10. O-O Bd7 11. Rac1 b6 12. Ne5 Na5 13. Qd1 Qe8 14. Qf3 Ne4 15. Bxe4 dxe4 16. Nxe4 f6 17. Nxd7 Qxd7 18. Bh4 g5 19. Bg3 Rac8 20. b3 Nb7 21. Qe2 h6 22. Nc3 Nd6 23. Bxd6 Qxd6 24. Rfd1 f5 25. Nb5 Qd7 26. Nc3 Qb7 27. f3 Rfd8 28. Kh1 a6 29. a3 b5 30. b4 Rc4 31. Rd3 Rdc8 32. Qd2 R8c7 33. h3 Rc8 34. Kh2 Qc7+ 35. Kh1 Qg3 36. Ne2 Rxc1+ 37. Nxc1 Rc4 38. Rc3 Qc7 39. Ne2 Qc6 40. Kg1 Bf6 41. Kf2 Kf7 42. Qc2 Be7 43. Rxc4 bxc4 44. g4 Qd5 45. gxf5 exf5 46. Ng3 Kg6 47. e4 Qxd4+ 48. Kg2 fxe4 49. Nxe4 Qd3 50. Qxd3 cxd3 51. Kf2 Kf5 52. Ke3 a5 53. bxa5 Bxa3 54. a6 1-0

[Event "4NCL Online Division 4"]
[Site "online"]
[Date "2021.10.19"]
[EventDate "2021.10.19"]
[Round "5.63"]
[White "Marshall, Duncan"]
[WhiteElo "1652"]
[WhiteTeam "Hertford 2"]
[Black "Kucukyildiz, Alp Tugrul"]
[BlackElo "1441"]
[BlackTeam "KCS U13A"]
[Result "0-1"]
[PlyCount "56"]

1. d4 Nf6 2. e3 g6 3. Bd3 Bg7 4. f4 d5 5. Nd2 Bg4 6. Ngf3 O-O 7. O-O c6 8. c3 Nbd7 9. Qc2 Qc7 10. Ne5 Nxe5 11. fxe5 Nd7 12. Nf3 Bxf3 13. Rxf3 f5 14. exf6 Rxf6 15. Rxf6 Bxf6 16. e4 e5 17. dxe5 Qxe5 18. Be3 dxe4 19. Bxe4 Re8 20. Qb3+ Kh8 21. Bd4 Qxe4 22. Bxf6+ Nxf6 23. h3 Qe3+ 24. Kh1 b6 25. Qf7 Qe7 26. Qc4 Qe6 27. Qd3 Ne4 28. Qd4+ Qe5 0-1

[Event "4NCL Online Division 4"]
[Site "online"]
[Date "2021.10.19"]
[EventDate "2021.10.19"]
[Round "5.64"]
[White "Luthia, Indra Jatin"]
[WhiteElo "1352"]
[WhiteTeam "KCS U13A"]
[Black "Hutton, Allan"]
[BlackElo "1549"]
[BlackTeam "Hertford 2"]
[Result "1-0"]
[PlyCount "89"]

1. e4 c6 2. d4 d5 3. Nc3 dxe4 4. Nxe4 Bf5 5. Ng3 Bg6 6. Nf3 Nd7 7. Bc4 Ngf6 8. Bf4 e6 9. O-O Nb6 10. Bb3 Bd6 11. Bxd6 Qxd6 12. c4 Qc7 13. Ne5 O-O-O 14. Nxg6 hxg6 15. a4 Nbd7 16. Qf3 Rh6 17. d5 Ne5 18. Qf4 exd5 19. cxd5 Nxd5 20. Bxd5 Rxd5 21. Rad1 Rxd1 22. Rxd1 Qe7 23. Ne4 f5 24. Nd6+ Kc7 25. Nc4 Rh4 26. Qxe5+ Qxe5 27. Nxe5 Rxa4 28. Nxg6 Rb4 29. Rb1 a5 30. h3 a4 31. Ra1 c5 32. Ne5 Kd6 33. Nd3 Rb3 34. Rd1 Kc6 35. g4 fxg4 36. hxg4 b5 37. Kf1 b4 38. Ke2 a3 39. bxa3 Rxa3 40. Rc1 Rxd3 41. Kxd3 Kb5 42. Rb1 c4+ 43. Kc2 Kc5 44. f4 b3+ 45. Kc3 1-0

[Event "4NCL Online Division 4"]
[Site "online"]
[Date "2021.10.19"]
[EventDate "2021.10.19"]
[Round "5.71"]
[White "Clynes, Chris"]
[WhiteElo "1444"]
[WhiteTeam "Bishop Knights"]
[Black "Bray, David"]
[BlackElo "2005"]
[BlackTeam "Braunstone 1"]
[Result "0-1"]
[PlyCount "88"]

1. d4 Nf6 2. Nf3 e6 3. Bg5 d5 4. e3 h6 5. Bf4 Bd6 6. Ne5 O-O 7. Nd2 c5 8. c3 Nc6 9. Bd3 Qc7 10. Ndf3 a6 11. a4 Rb8 12. h3 b5 13. axb5 axb5 14. Nxc6 Qxc6 15. Ne5 Qc7 16. O-O b4 17. c4 dxc4 18. Bxc4 Nd5 19. Bg3 f6 20. Ng6 Bxg3 21. Nxf8 Kxf8 22. Bxd5 Bh2+ 23. Kh1 exd5 24. g3 Bxh3 25. Kxh2 Bxf1 26. Qxf1 c4 27. Rc1 Qe7 28. Qh1 Qe6 29. Qe1 Qe4 30. Qe2 f5 31. f3 Qe6 32. Re1 c3 33. bxc3 bxc3 34. Qf2 Rb2 35. Re2 Qb6 36. Kh3 Kg8 37. Rc2 Qb3 38. Re2 c2 39. Qf1 Rb1 40. Qf2 c1=Q 41. g4 Qh1+ 42. Kg3 fxg4 43. fxg4 Rg1+ 44. Kf4 Qe4# 0-1

[Event "4NCL Online Division 4"]
[Site "online"]
[Date "2021.10.19"]
[EventDate "2021.10.19"]
[Round "5.72"]
[White "Tang, Julian"]
[WhiteElo "1772"]
[WhiteTeam "Braunstone 1"]
[Black "Siddle, Michael"]
[BlackElo "1395"]
[BlackTeam "Bishop Knights"]
[Result "0-1"]
[PlyCount "98"]

1. e4 d5 2. exd5 Qxd5 3. Nf3 Bf5 4. Nc3 Qa5 5. Bc4 e6 6. O-O Nf6 7. d3 c6 8. Bf4 Nbd7 9. Re1 Be7 10. Bd2 Qc7 11. h3 O-O-O 12. Be3 Nc5 13. b4 Nce4 14. Nxe4 Nxe4 15. Qb1 Nc3 16. Qb3 Bf6 17. Rac1 g5 18. b5 g4 19. b6 axb6 20. Bxb6 Qf4 21. Qa3 gxf3 22. Qa8+ Qb8 23. Qxb8+ Kxb8 24. Bxd8 Bxd8 25. gxf3 Bxh3 26. Kh2 Bf5 27. Rg1 Ne2 28. Rge1 Nxc1 29. Rxc1 Bc7+ 30. Kg2 Rg8+ 31. Kf1 Bh3+ 32. Ke2 Bf5 33. Rb1 b6 34. a4 Ka7 35. Ke3 h5 36. f4 h4 37. Rh1 h3 38. Kf3 Rg7 39. d4 Bg4+ 40. Ke3 Bf5 41. c3 Rh7 42. f3 Rh4 43. Bb3 Bxf4+ 44. Ke2 h2 45. Kf2 Rh8 46. c4 Rg8 47. d5 cxd5 48. cxd5 Bd6 49. Rc1 Bc5+ 0-1

[Event "4NCL Online Division 4"]
[Site "online"]
[Date "2021.10.19"]
[EventDate "2021.10.19"]
[Round "5.73"]
[White "Edmundson, Deborah"]
[WhiteElo "1329"]
[WhiteTeam "Bishop Knights"]
[Black "Pyun, Lindsay"]
[BlackElo "1753"]
[BlackTeam "Braunstone 1"]
[Result "0-1"]
[PlyCount "140"]

1. c4 e5 2. a3 Nf6 3. Nc3 Nc6 4. e3 d5 5. d4 exd4 6. exd4 dxc4 7. d5 Ne5 8. Nf3 Bg4 9. Be2 Bxf3 10. Bxf3 Nd3+ 11. Kf1 Be7 12. Qa4+ Qd7 13. Qxc4 Ne5 14. Qe2 Nxf3 15. Qxf3 Rd8 16. d6 Qxd6 17. Be3 Qa6+ 18. Qe2 Qxe2+ 19. Kxe2 a6 20. Rhd1 O-O 21. Rab1 Rfe8 22. h3 Bd6 23. Nd5 Nxd5 24. Rxd5 Re5 25. Rd3 Rde8 26. Rbd1 h6 27. Kf1 Re4 28. b4 Rc4 29. Bc1 Rc2 30. R3d2 Rxd2 31. Bxd2 f6 32. Be3 Kf7 33. Ke2 Re5 34. f4 Re4 35. Kf3 Rc4 36. Rd3 Rc2 37. g3 Ra2 38. f5 a5 39. Bf4 axb4 40. axb4 Bxf4 41. gxf4 Rc2 42. Rd7+ Kf8 43. Rd8+ Ke7 44. Rd3 Rc6 45. Kg4 Rd6 46. Re3+ Kf7 47. Rc3 c6 48. b5 Ke7 49. Kh5 cxb5 50. Rc7+ Rd7 51. Rc1 Kd8 52. Rb1 Rd5 53. Kg4 Kc7 54. Re1 Kc6 55. Re6+ Rd6 56. Re7 Rd7 57. Re6+ Kc5 58. Re1 b4 59. Rc1+ Kb5 60. Rb1 Kc4 61. Rc1+ Kb3 62. Rg1 Ka3 63. Ra1+ Kb2 64. Rg1 b3 65. Rg2+ Ka1 66. Rg1+ Ka2 67. Rg2+ b2 68. Rg1 b1=Q 69. Rxb1 Kxb1 70. Kf3 b5 0-1

[Event "4NCL Online Division 4"]
[Site "online"]
[Date "2021.10.19"]
[EventDate "2021.10.19"]
[Round "5.74"]
[White "Mehta, Sophie"]
[WhiteElo "1344"]
[WhiteTeam "Braunstone 1"]
[Black "Edmundson, Mark"]
[BlackElo "902"]
[BlackTeam "Bishop Knights"]
[Result "1-0"]
[PlyCount "83"]

1. d4 d5 2. Bf4 e6 3. e3 Nf6 4. Nf3 Be7 5. Nbd2 O-O 6. c3 c5 7. Be2 Nh5 8. Bg3 Nxg3 9. hxg3 cxd4 10. cxd4 Nc6 11. Qc2 f5 12. g4 Bb4 13. gxf5 exf5 14. O-O Bd6 15. Bb5 Nb4 16. Qb3 a6 17. Be2 Be6 18. Rfb1 Rc8 19. a3 Nc6 20. Qxb7 Qa5 21. Qxa6 Qxa6 22. Bxa6 Ra8 23. Bb7 Ne7 24. Bxa8 Rxa8 25. Ne5 Ng6 26. Nxg6 hxg6 27. Nf3 f4 28. Ne5 Bxe5 29. dxe5 fxe3 30. fxe3 Kh7 31. b4 g5 32. a4 Kg6 33. b5 Bd7 34. a5 Kf5 35. b6 Rb8 36. a6 Bc6 37. a7 Ra8 38. b7 Bxb7 39. Rxb7 Kxe5 40. Rb8 Rxa7 41. Rxa7 Ke4 42. Re7+ 1-0

[Event "4NCL Online Division 4"]
[Site "online"]
[Date "2021.10.19"]
[EventDate "2021.10.19"]
[Round "5.81"]
[White "Rodrigo, Y Jan"]
[WhiteElo "1714"]
[WhiteTeam "Camborne Pendarves"]
[Black "Hart-Davis, Adam"]
[BlackElo "1701"]
[BlackTeam "Plymouth 2"]
[Result "1-0"]
[PlyCount "43"]

1. d4 d5 2. Nc3 Nf6 3. Bf4 e6 4. Nb5 Na6 5. e3 c6 6. Nc3 b6 7. Nf3 c5 8. Bb5+ Nd7 9. Ne5 Nb8 10. Nc6 Nxc6 11. Bxc6 Ba6 12. Bxa8 Qxa8 13. a4 cxd4 14. Qxd4 f6 15. Bg3 Bc5 16. Qg4 Kf7 17. Nb5 Rc8 18. Nc7 Rxc7 19. Bxc7 Qc8 20. Bg3 Bb4+ 21. Qxb4 Qxc2 22. Qd2 1-0

[Event "4NCL Online Division 4"]
[Site "online"]
[Date "2021.10.19"]
[EventDate "2021.10.19"]
[Round "5.82"]
[White "Wood, Paul E"]
[WhiteElo "1579"]
[WhiteTeam "Plymouth 2"]
[Black "Robinson, Neil"]
[BlackElo "1711"]
[BlackTeam "Camborne Pendarves"]
[Result "1-0"]
[PlyCount "76"]

1. c4 Nf6 2. Nc3 c5 3. g3 Nc6 4. Bg2 e6 5. d3 Be7 6. b3 O-O 7. Bb2 d5 8. cxd5 exd5 9. Rc1 Qa5 10. Qd2 d4 11. Ne4 Qxa2 12. Nxc5 Bxc5 13. Rxc5 Qxb3 14. Bxc6 bxc6 15. Nf3 a5 16. O-O Be6 17. Bxd4 Bd5 18. e4 Bxe4 19. Rc3 Qxc3 20. Bxc3 Bxf3 21. Bxa5 h6 22. Bc3 Nd5 23. Bd4 Rfe8 24. Be3 Ra6 25. h3 Rea8 26. g4 Ra2 27. Qc1 Nb4 28. Qc3 Nc2 29. Qe5 Be2 30. Bxh6 gxh6 31. Qxe2 Nd4 32. Qe3 Ne2+ 33. Kg2 Kh7 34. Re1 Nc3 35. Qf3 R8a7 36. Qf5+ Kg7 37. Qe5+ Kg6 38. Qxc3 R2a3 1-0

[Event "4NCL Online Division 4"]
[Site "online"]
[Date "2021.10.19"]
[EventDate "2021.10.19"]
[Round "5.83"]
[White "Smith, Richard AL"]
[WhiteElo "1698"]
[WhiteTeam "Camborne Pendarves"]
[Black "Tatam, Anthony"]
[BlackElo "1572"]
[BlackTeam "Plymouth 2"]
[Result "0-1"]
[PlyCount "122"]

1. e4 e5 2. f4 exf4 3. Nf3 g5 4. Bc4 Nc6 5. O-O h6 6. d4 d6 7. Qe2 Bg7 8. c3 Bg4 9. g3 Qd7 10. gxf4 O-O-O 11. d5 Na5 12. Bd3 Bh3 13. Re1 Qg4+ 14. Kh1 Qh5 15. b4 Bg4 16. Rf1 Nf6 17. bxa5 Rde8 18. Nbd2 Nxd5 19. Qf2 Nxf4 20. Be2 Nxe2 21. Qxe2 Bxc3 22. Rb1 Bxa5 23. Nc4 Bb6 24. Nxb6+ axb6 25. Qd3 Re7 26. Bb2 Rhe8 27. Rbe1 Qg6 28. Nd2 Bd7 29. Kg1 Bc6 30. Rf6 Qh5 31. Qf3 Qxf3 32. Rxf3 Bxe4 33. Nxe4 Rxe4 34. Rxe4 Rxe4 35. Rxf7 Re6 36. Kf2 c5 37. Rf6 Rxf6+ 38. Bxf6 Kd7 39. Kg3 Ke6 40. Bg7 h5 41. Bh6 Kf5 42. Kf3 d5 43. Bg7 b5 44. Bf8 c4 45. Ke3 Ke6 46. Bg7 b4 47. Kd2 b5 48. Bf8 b3 49. axb3 cxb3 50. Kc3 Ke5 51. Bg7+ Ke4 52. Kxb3 d4 53. Kc2 g4 54. Bf6 Ke3 55. Bg5+ Ke2 56. Kc1 d3 57. Bf4 b4 58. Bg5 b3 59. Bf4 h4 60. Bg5 g3 61. hxg3 hxg3 0-1

[Event "4NCL Online Division 4"]
[Site "online"]
[Date "2021.10.19"]
[EventDate "2021.10.19"]
[Round "5.84"]
[White "Wright, Andrew D"]
[WhiteElo "1467"]
[WhiteTeam "Plymouth 2"]
[Black "Macphail, Kieran"]
[BlackElo "1675"]
[BlackTeam "Camborne Pendarves"]
[Result "0-1"]
[PlyCount "92"]

1. e4 c5 2. Nf3 Nc6 3. Bb5 g6 4. Bxc6 dxc6 5. d3 Bg7 6. h3 Qc7 7. Nc3 e5 8. a4 a5 9. O-O Ne7 10. Nh2 O-O 11. f4 f5 12. fxe5 Bxe5 13. Nf3 Bg7 14. Ng5 h6 15. Nf3 Be6 16. e5 Kh7 17. Be3 b6 18. Qd2 Rad8 19. Rae1 Nd5 20. Bf2 Rfe8 21. Nxd5 cxd5 22. d4 c4 23. c3 Qc6 24. Bh4 Rb8 25. Qc2 b5 26. g4 fxg4 27. hxg4 Bxg4 28. Nh2 Bf5 29. Rxf5 gxf5 30. Qxf5+ Qg6+ 31. Qxg6+ Kxg6 32. Ng4 Kf5 33. Nf6 Bxf6 34. Rf1+ Kg4 35. Bxf6 bxa4 36. Kf2 Rxb2+ 37. Ke3 a3 38. Rf4+ Kh5 39. Rf1 a2 40. Ra1 Rc2 41. Kf4 Rb8 42. Rh1+ Kg6 43. Rg1+ Kf7 44. Rg7+ Kf8 45. Kf5 a1=Q 46. Ke6 Rb6+ 0-1

[Event "4NCL Online Division 4"]
[Site "online"]
[Date "2021.10.19"]
[EventDate "2021.10.19"]
[Round "5.91"]
[White "McKeon, John"]
[WhiteElo "1544"]
[WhiteTeam "MK Phoenix 3"]
[Black "Smith, Andrew R"]
[BlackElo "1692"]
[BlackTeam "Morriston Benko"]
[Result "0-1"]
[PlyCount "112"]

1. d4 d5 2. Bf4 Nf6 3. e3 e6 4. c3 Bd6 5. Bg3 Ne4 6. Bd3 Nxg3 7. hxg3 h6 8. Qg4 Qf6 9. Nd2 Nc6 10. Qh4 Be7 11. Ngf3 e5 12. Bb5 e4 13. Ne5 Qxe5 14. dxe5 Bxh4 15. Rxh4 Bd7 16. f4 O-O-O 17. O-O-O a6 18. Be2 Ne7 19. Bg4 Bxg4 20. Rxg4 Nf5 21. Re1 Rde8 22. Nb3 h5 23. Rg5 g6 24. Nd4 Ng7 25. Rh1 c5 26. Nb3 Ne6 27. Rf1 b6 28. Kc2 Nxg5 29. fxg5 Rhf8 30. Rf6 Re6 31. Kd2 Kc7 32. Ke2 Rxe5 33. Nd2 Rxg5 34. Nf1 Rf5 35. Rxf5 gxf5 36. Kf2 Rg8 37. Nd2 b5 38. Nb3 Kb6 39. a3 a5 40. Nd2 Rg4 41. Nb3 h4 42. gxh4 Rxh4 43. Kg1 f4 44. exf4 Rxf4 45. Nd2 a4 46. g3 Rf6 47. Kg2 Ka5 48. Nf1 Rxf1 49. Kxf1 b4 50. Ke2 d4 51. cxd4 cxd4 52. g4 bxa3 53. bxa3 Kb5 54. Kd2 Kc4 55. g5 Kb3 56. Ke2 Kxa3 0-1

[Event "4NCL Online Division 4"]
[Site "online"]
[Date "2021.10.19"]
[EventDate "2021.10.19"]
[Round "5.92"]
[White "Jones, Huw"]
[WhiteElo "1617"]
[WhiteTeam "Morriston Benko"]
[Black "Phillips, David"]
[BlackElo "1376"]
[BlackTeam "MK Phoenix 3"]
[Result "1-0"]
[PlyCount "69"]

1. e4 d5 2. exd5 Qxd5 3. Nc3 Qd8 4. d4 e6 5. Nf3 Nf6 6. Bd3 Be7 7. O-O O-O 8. h3 Nc6 9. a3 a6 10. Re1 Nxd4 11. Nxd4 Qxd4 12. Bxh7+ Nxh7 13. Qxd4 c5 14. Qe4 Ra7 15. Bf4 b6 16. Rad1 Nf6 17. Qe2 Bb7 18. Bd6 Bc6 19. Bxe7 Rxe7 20. Rd6 Rc7 21. Qxa6 Nd7 22. Red1 Ra8 23. Qe2 Rcc8 24. Rxc6 Rxc6 25. Rxd7 Rcc8 26. Qf3 Rf8 27. Ne4 Rad8 28. Rxd8 Rxd8 29. Qg3 Kf8 30. Qc7 Rd1+ 31. Kh2 g6 32. Ng5 Kg7 33. Qxf7+ Kh6 34. f4 Kh5 35. Qh7# 1-0

[Event "4NCL Online Division 4"]
[Site "online"]
[Date "2021.10.19"]
[EventDate "2021.10.19"]
[Round "5.93"]
[White "Wayne, Steven"]
[WhiteElo "1189"]
[WhiteTeam "MK Phoenix 3"]
[Black "Salisbury, Philip"]
[BlackElo "1485"]
[BlackTeam "Morriston Benko"]
[Result "0-1"]
[PlyCount "28"]

1. d4 d5 2. c4 e5 3. dxe5 d4 4. Nf3 Nc6 5. g3 Bg4 6. Bg2 Bxf3 7. Bxf3 Qd7 8. O-O O-O-O 9. e3 Nxe5 10. exd4 Qxd4 11. Be3 Qxb2 12. Bxb7+ Qxb7 13. Qe2 Nf3+ 14. Kg2 Nd4+ 0-1

[Event "4NCL Online Division 4"]
[Site "online"]
[Date "2021.10.19"]
[EventDate "2021.10.19"]
[Round "5.94"]
[White "Tonks, Brian"]
[WhiteElo "1380"]
[WhiteTeam "Morriston Benko"]
[Black "Cutler, Matthew"]
[BlackElo "1029"]
[BlackTeam "MK Phoenix 3"]
[Result "1/2-1/2"]
[PlyCount "153"]

1. d4 Nf6 2. Bf4 d5 3. e3 c5 4. c3 Nc6 5. Be2 Bf5 6. Nd2 Qb6 7. Qc1 e6 8. h3 h6 9. Ngf3 Be7 10. O-O O-O 11. Ne5 Nxe5 12. Bxe5 c4 13. b3 Nd7 14. Bg3 cxb3 15. axb3 Bd6 16. Bxd6 Qxd6 17. c4 b6 18. Qa3 Qxa3 19. Rxa3 a5 20. Rc1 Rfc8 21. Raa1 f6 22. f3 Bg6 23. Bd1 Bf7 24. Be2 e5 25. Bd3 g6 26. Kf2 f5 27. g4 Be6 28. cxd5 Bxd5 29. gxf5 gxf5 30. Bxf5 Rd8 31. Bxd7 Rxd7 32. e4 Be6 33. d5 Bf7 34. Nc4 Re7 35. Nxb6 Rb8 36. Rc8+ Rxc8 37. Nxc8 Rb7 38. Rxa5 Rxb3 39. d6 Be6 40. Ne7+ Kf7 41. Rxe5 Bxh3 42. Nf5 Bxf5 43. exf5 Rb8 44. Re6 h5 45. Kg3 Rb5 46. Kf4 h4 47. Rh6 Rd5 48. Ke4 Rd1 49. Ke5 Re1+ 50. Kf4 Rd1 51. Kg4 Kg7 52. Re6 Kf7 53. Kxh4 Rh1+ 54. Kg4 Rg1+ 55. Kf4 Rd1 56. Rh6 Kg7 57. Rg6+ Kf7 58. Kg5 Rg1+ 59. Kh6 Rh1+ 60. Kg5 Rg1+ 61. Kf4 Rd1 62. Re6 Rd2 63. Ke3 Rd1 64. f4 Re1+ 65. Kd4 Rd1+ 66. Kc5 Rc1+ 67. Kb6 Rb1+ 68. Kc7 Rc1+ 69. Kd8 Rd1 70. d7 Rd5 71. Re5 Rd1 72. Kc7 Rc1+ 73. Kd6 Rd1+ 74. Rd5 Rxd5+ 75. Kxd5 Ke7 76. Kc6 Kd8 77. f6 1/2-1/2

[Event "4NCL Online Division 4"]
[Site "online"]
[Date "2021.10.19"]
[EventDate "2021.10.19"]
[Round "5.101"]
[White "Kuzhelev, Timur"]
[WhiteElo "2059"]
[WhiteTeam "Battersea Juniors"]
[Black "Wilkinson, James P"]
[BlackElo "1714"]
[BlackTeam "Shropshire and Friends 4"]
[Result "0-1"]
[PlyCount "68"]

1. e4 c5 2. Nc3 a6 3. a4 Nc6 4. f4 e6 5. Bc4 Nge7 6. d3 d5 7. Bb3 Nd4 8. Nf3 Nxb3 9. cxb3 Nc6 10. O-O Be7 11. Kh1 O-O 12. e5 f6 13. Bd2 fxe5 14. fxe5 Bd7 15. Qe1 Be8 16. Ne2 Bg6 17. Nf4 Bf5 18. Rg1 g5 19. g4 Bxd3 20. Nxe6 Qc8 21. Nexg5 h6 22. Qe3 Bg6 23. Nh3 Rxf3 24. Qxh6 Be4 25. Rg2 Qf8 26. Qe6+ Kh8 27. Kg1 Rxh3 28. Rf1 Qg8 29. Rf7 Nd8 30. Qxe7 Qxf7 31. Qxf7 Nxf7 32. Rf2 Nxe5 33. Kf1 Kg8 34. Ke1 Nd3+ 0-1

[Event "4NCL Online Division 4"]
[Site "online"]
[Date "2021.10.19"]
[EventDate "2021.10.19"]
[Round "5.102"]
[White "Hilditch-Love, Daniel"]
[WhiteElo "1704"]
[WhiteTeam "Shropshire and Friends 4"]
[Black "Agrawal, Shivam"]
[BlackElo "1871"]
[BlackTeam "Battersea Juniors"]
[Result "1/2-1/2"]
[PlyCount "123"]

1. Nf3 d5 2. c4 c6 3. cxd5 cxd5 4. d4 Nc6 5. Nc3 Nf6 6. Bf4 Bf5 7. e3 e6 8. Rc1 Bd6 9. Bd3 Bxf4 10. exf4 Bxd3 11. Qxd3 O-O 12. O-O g6 13. Ne5 Rc8 14. Rfd1 Qe7 15. f3 a6 16. Na4 Nxe5 17. fxe5 Nd7 18. Qb3 b5 19. Nc3 Rc4 20. Ne2 Rfc8 21. Qe3 Nb6 22. b3 Qa3 23. Qd2 Rxc1 24. Rxc1 Rxc1+ 25. Nxc1 a5 26. Nd3 a4 27. Nc5 axb3 28. axb3 Nc8 29. Kf2 Ne7 30. g4 Nc6 31. Qc3 b4 32. Qd2 Qa1 33. Ke3 Qg1+ 34. Qf2 Qxf2+ 35. Kxf2 Nxd4 36. Nd3 Nxb3 37. Nxb4 Kg7 38. g5 h6 39. h4 hxg5 40. hxg5 Kf8 41. Nc6 Ke8 42. f4 Kd7 43. Na7 Nd4 44. Ke3 Nf5+ 45. Kd3 Nh4 46. Ke3 Ng2+ 47. Kf3 Ne1+ 48. Ke2 Nc2 49. Nb5 Nb4 50. Nd6 Ke7 51. Ke3 Nc6 52. Nc8+ Kd7 53. Nd6 Nd8 54. Kd4 Kc6 55. Ne8 Kb5 56. Nd6+ Kb4 57. Ke3 Kc3 58. Nb5+ Kc2 59. Nd4+ Kc3 60. Nb5+ Kc4 61. Nd6+ Kc5 62. Kd3 1/2-1/2

[Event "4NCL Online Division 4"]
[Site "online"]
[Date "2021.10.19"]
[EventDate "2021.10.19"]
[Round "5.103"]
[White "Steiners, Emils"]
[WhiteElo "1713"]
[WhiteTeam "Battersea Juniors"]
[Black "Nield, Robert C"]
[BlackElo "1700"]
[BlackTeam "Shropshire and Friends 4"]
[Result "1-0"]
[PlyCount "39"]

1. e4 e6 2. d4 d5 3. Nd2 Nf6 4. e5 Nfd7 5. Ngf3 c5 6. c3 Nc6 7. Be2 Be7 8. O-O O-O 9. Re1 cxd4 10. cxd4 f6 11. Bd3 fxe5 12. dxe5 Qc7 13. Qc2 Qb6 14. Bxh7+ Kh8 15. Qg6 Ndxe5 16. Qh5 Nf7 17. Bg6+ Nh6 18. Nc4 dxc4 19. Bxh6 gxh6 20. Qxh6+ 1-0

[Event "4NCL Online Division 4"]
[Site "online"]
[Date "2021.10.19"]
[EventDate "2021.10.19"]
[Round "5.104"]
[White "Lockett, Daniel"]
[WhiteElo "1694"]
[WhiteTeam "Shropshire and Friends 4"]
[Black "Doyle, Joshua"]
[BlackElo "1488"]
[BlackTeam "Battersea Juniors"]
[Result "0-1"]
[PlyCount "130"]

1. e4 d5 2. exd5 e6 3. Nf3 Nf6 4. Bb5+ Bd7 5. Bxd7+ Qxd7 6. O-O exd5 7. Qe2+ Be7 8. Re1 c5 9. Ne5 Qc7 10. Nc3 a6 11. Qf3 Qd6 12. d3 h6 13. Bf4 g5 14. Ng6 gxf4 15. Nxe7 Kd8 16. Nexd5 Nc6 17. Nxf6 Qxf6 18. Qd5+ Kc7 19. Qxc5 Qg5 20. Nd5+ Kb8 21. Qd6+ Ka7 22. Nxf4 Rhd8 23. h4 Qg4 24. Qc5+ Kb8 25. g3 Rg8 26. Ng2 Nd4 27. Qe5+ Ka7 28. Qc5+ Kb8 29. Re3 Nf3+ 30. Rxf3 Qxf3 31. Re1 Rc8 32. Qd6+ Ka7 33. c4 Rd8 34. Qf4 Rxd3 35. Qxh6 Rad8 36. Qf4 Qh5 37. Ne3 R8d4 38. Qf5 Qxf5 39. Nxf5 Rxc4 40. Re2 Rd5 41. Ne3 Re4 42. Kg2 Rde5 43. Rc2 f5 44. b3 b5 45. h5 f4 46. Ng4 Rg5 47. Nf6 Re6 48. Rc7+ Kb6 49. Rf7 f3+ 50. Kh3 Kc6 51. Kh4 Rf5 52. h6 Rfxf6 53. Rxf6 Rxf6 54. Kg5 Rf8 55. h7 Kd5 56. Kg6 Kd4 57. Kg7 Ra8 58. h8=Q Rxh8 59. Kxh8 Kd3 60. g4 Ke4 61. g5 Kf5 62. Kg7 Kxg5 63. Kf7 Kh4 64. Kf6 Kh3 65. Kf5 Kg2 0-1